Dos reflexiones en torno a la teoría de la enajenación / (Record no. 188401)

MARC details
000 -LEADER
campo de control de longitud fija 00721nam a2200181 i 4500
001 - NÚMERO DE CONTROL
campo de control 188401
003 - IDENTIFICADOR DE NÚMERO DE CONTROL
campo de control ES-MaACL
005 - FECHA Y HORA DE LA ÚLTIMA TRANSACCIÓN
campo de control 20230906223207.0
008 - DATOS DE LONGITUD FIJA--INFORMACIÓN GENERAL
campo de control de longitud fija 180914s1958 mx |||| | spa d
100 0# - ENTRADA PRINCIPAL--NOMBRE DE PERSONA
Nombre de persona González Pedrero, Enrique.
9 (RLIN) 58866
245 10 - MENCIÓN DEL TÍTULO
Título Dos reflexiones en torno a la teoría de la enajenación /
Mención de responsabilidad, etc. Enrique González Pedrero.
260 ## - PUBLICACIÓN, DISTRIBUCIÓN, ETC.
Lugar de publicación, distribución, etc. México :
Nombre del editor, distribuidor, etc. Universidad Nacional de México,
Fecha de publicación, distribución, etc. 1958.
300 ## - DESCRIPCIÓN FÍSICA
Extensión P. 13-26 ;
Dimensiones 21 cm.
490 1# - MENCIÓN DE SERIE
Mención de serie Cuadernos del Seminario de Problemas Científicos y Filosóficos ;
Designación de volumen o secuencia Segunda serie nº 12
830 0# - PUNTO DE ACCESO ADICIONAL DE SERIE-TÍTULO UNIFORME
Título uniforme Cuadernos del Seminario de Problemas Científicos y Filosóficos ;
Designación de volumen o secuencia Segunda serie nº 12
9 (RLIN) 193031
852 ## - LOCALIZACIÓN
Ubicación ES-MaACL
Número de control de estantería 2088-F-11
Holdings
Estatus retirado Estado de pérdida Estado de daño No para préstamo Colección Biblioteca de origen Biblioteca actual Ubicación en estantería Fecha de adquisición Fuente de adquisición Total de préstamos Signatura topográfica completa Código de barras Visto por última vez Precio de reemplazo Tipo de ítem Koha
        Colección de folletos Biblioteca del Ateneo de Madrid Biblioteca del Ateneo de Madrid Depósito folletos 14/09/2018     2088-F-11 1199299 23/02/2023 23/02/2023 Folleto